000 00272nam a2200109Ia 4500
008 220204s9999 xx 000 0 und d
082 _a159.9
_bCIR
100 _aCirese, Sarah
245 0 _aQuest: A search for self
260 _aNew York
_bHolt, Rinehart
_c1977
942 _cBK
999 _c28155
_d28155